01233nam a22003014a 4500001001200000003000800012006001900020007001500039008004100054020003600095040002100131035002100152050003000173082001700203100002300220245013500243260003800378300001400416504006000430533015200490650004300642650003800685655002900723700001900752710001700771856012600788999001700914ebr10090622CaPaEBRm u cr cn|||||||||010801s2001 ne sb 001 0 eng  z9004121897 (cloth : alk. paper) aCaPaEBRcCaPaEBR a(OCoLC)19193358614aZ6824b.S5 2001aCS3010eb04a016.92942211 aSingerman, Robert.10aJewish given names and family namesh[electronic resource] :ba new bibliography /cby Robert Singerman ; edited by David L. Gold. aLeiden ;aBoston :bBrill,c2001. ax, 245 p. aIncludes bibliographical references (p. 1-2) and index. aElectronic reproduction.bPalo Alto, Calif. :cebrary,d2013.nAvailable via World Wide Web.nAccess may be limited to ebrary affiliated libraries. 0aNames, PersonalxJewishvBibliography. 0aNames in the BiblevBibliography. 7aElectronic books.2local1 aGold, David L.2 aebrary, Inc.40uhttp://site.ebrary.com/lib/rucke/Doc?id=10090622zAn electronic book accessible through the World Wide Web; click to view c72154d72154